[Event "Florianopolis op 7th"]
[Site "Florianopolis"]
[Date "2021.01.18"]
[Round "1"]
[White "Starke, Bruno Orlando"]
[Black "Hille, Waltercler"]
[Result "1/2-1/2"]
[WhiteElo "2170"]
[BlackElo "1865"]
[PlyCount "97"]
[EventDate "2021.01.18"]
[EventType "swiss"]
[EventRounds "10"]
[EventCountry "BRA"]
[SourceTitle "CBM 200 Extra"]
[Source "ChessBase"]
[SourceDate "2021.03.31"]
[SourceVersion "1"]
[SourceVersionDate "2021.03.31"]
[SourceQuality "1"]

1. c4 c6 2. d4 d5 3. Nf3 Nf6 4. Nc3 g6 5. Bf4 Bg7 6. e3 Ne4 7. Qb3 e6 8. Bd3 f5 9. Be5 Bxe5 10. Nxe5 Nd7 11. Nxd7 Bxd7 12. 0-0 Nd2 13. Qxb7 Nxf1 14. Bxf1 Qb8 15. Qxb8+ Rxb8 16. b3 0-0 17. Na4 Rf7 18. Nc5 Rbf8 19. Rc1 Bc8 20. Nd3 Rg7 21. Ne5 Bb7 22. f4 g5 23. Kf2 gxf4 24. exf4 Rf6 25. Rc3 Rh6 26. h3 Rf6 27. c5 a5 28. Re3 Kf8 29. Be2 Ke7 30. Bd1 Kd8 31. Be2 Kc7 32. Bd3 Rg8 33. Nf3 h6 34. Ne5 Rg7 35. Be2 Rf8 36. Nf3 Rfg8 37. Bf1 Bc8 38. Ne5 Ba6 39. Bxa6 Rxg2+ 40. Ke1 Rxa2 41. Be2 Ra1+ 42. Kf2 Rgg1 43. Nf3 Rgb1 44. Rxe6 Rxb3 45. Ne5 Rb2 46. Re7+ Kb8 47. Re8+ Kb7 48. Re7+ Kb8 49. Re8+ 1/2-1/2

[Event "Sao Bento do Sul op 4th"]
[Site "Sao Bento do Sul"]
[Date "2020.11.01"]
[Round "4"]
[White "Hille, Waltercler"]
[Black "Ribeiro Carrico, Victor Hugo"]
[Result "0-1"]
[WhiteElo "1904"]
[BlackElo "1761"]
[PlyCount "84"]
[EventDate "2020.10.31"]
[EventType "swiss"]
[EventRounds "6"]
[EventCountry "BRA"]
[SourceTitle "EXT 2022"]
[Source "ChessBase"]
[SourceDate "2021.10.06"]
[SourceVersion "1"]
[SourceVersionDate "2021.10.06"]
[SourceQuality "1"]

1. Nf3 d5 2. g3 e6 3. d4 f5 4. Bg2 Nf6 5. 0-0 Bd6 6. c4 0-0 7. Nc3 c6 8. Ne5 Nbd7 9. f4 Ne4 10. e3 Qf6 11. g4 g5 12. gxf5 Nxc3 13. bxc3 Qxf5 14. Qb3 Nf6 15. cxd5 exd5 16. e4 Nxe4 17. fxg5 Qe6 18. Bxe4 dxe4 19. Ng4 Qxb3 20. Nh6+ Kg7 21. axb3 Bxh2+ 22. Kg2 Bh3+ 23. Kxh3 Rxf1 24. Kxh2 e3 25. Ra5 Rxc1 26. Nf5+ Kg6 27. Nxe3 Re8 28. Ng4 Re2+ 29. Kg3 Rxc3+ 30. Kf4 Rxb3 31. Rxa7 Rb4 32. Ne5+ Rxe5 33. Kxe5 Kxg5 34. Ra8 h5 35. Rg8+ Kh4 36. Rg6 Kh3 37. Rh6 h4 38. Rh7 Kg3 39. Rg7+ Kh2 40. Rg4 h3 41. Rg7 Kh1 42. Rg6 h2 0-1

[Event "Sao Bento do Sul op 4th"]
[Site "Sao Bento do Sul"]
[Date "2020.10.31"]
[Round "1"]
[White "Frohlich, Mateus Henrique"]
[Black "Hille, Waltercler"]
[Result "1-0"]
[WhiteElo "1475"]
[BlackElo "1904"]
[PlyCount "53"]
[EventDate "2020.10.31"]
[EventType "swiss"]
[EventRounds "6"]
[EventCountry "BRA"]
[SourceTitle "EXT 2022"]
[Source "ChessBase"]
[SourceDate "2021.10.06"]
[SourceVersion "1"]
[SourceVersionDate "2021.10.06"]
[SourceQuality "1"]

1. e4 c5 2. Nf3 e6 3. d4 cxd4 4. Nxd4 a6 5. Nc3 Qc7 6. a3 Nf6 7. Bg5 Be7 8. Bd3 b5 9. 0-0 Bb7 10. Qe2 Nc6 11. Nxc6 Qxc6 12. f4 d5 13. Bxf6 gxf6 14. exd5 Qc5+ 15. Kh1 Rg8 16. Be4 f5 17. Bf3 exd5 18. Rfe1 Rd8 19. Rad1 Rg6 20. b4 Qc7 21. Bxd5 Rgd6 22. Bxb7 Rxd1 23. Bc6+ Kf8 24. Nxd1 Bh4 25. Nf2 Qxc6 26. Qe5 Kg8 27. Qxf5 1-0

[Event "Sao Bento do Sul op 4th"]
[Site "Sao Bento do Sul"]
[Date "2020.10.31"]
[Round "2"]
[White "Hille, Waltercler"]
[Black "Goncalves, Yuri Nikollas"]
[Result "1-0"]
[WhiteElo "1904"]
[BlackElo "1333"]
[PlyCount "69"]
[EventDate "2020.10.31"]
[EventType "swiss"]
[EventRounds "6"]
[EventCountry "BRA"]
[SourceTitle "EXT 2022"]
[Source "ChessBase"]
[SourceDate "2021.10.06"]
[SourceVersion "1"]
[SourceVersionDate "2021.10.06"]
[SourceQuality "1"]

1. Nf3 c5 2. g3 e6 3. Bg2 Be7 4. 0-0 Nc6 5. d4 Nf6 6. c4 0-0 7. Nc3 d5 8. cxd5 Nxd5 9. e4 Nf6 10. e5 Nd5 11. Nxd5 exd5 12. dxc5 Bxc5 13. Qc2 Be7 14. Re1 Be6 15. h4 h6 16. Be3 Rc8 17. Qa4 a6 18. Rad1 Nb4 19. Nd4 b5 20. Qb3 Qc7 21. f4 Qc4 22. f5 Qxb3 23. axb3 Bd7 24. e6 fxe6 25. fxe6 Be8 26. Rc1 Bg6 27. Rxc8 Rxc8 28. Bd2 Nd3 29. Ra1 Bc5 30. Be3 Nb4 31. Rc1 Nd3 32. Rc3 b4 33. Rc2 Nf4 34. Rxc5 Rxc5 35. gxf4 1-0

[Event "Florianopolis op 4th"]
[Site "Florianopolis"]
[Date "2018.01.21"]
[Round "4"]
[White "Hille, Waltercler"]
[Black "Tramontini, Renan Cesar"]
[Result "1-0"]
[WhiteElo "1914"]
[BlackElo "2028"]
[PlyCount "88"]
[EventDate "2018.01.19"]
[EventType "swiss"]
[EventRounds "10"]
[EventCountry "BRA"]
[SourceTitle "EXT 2019"]
[Source "ChessBase"]
[SourceDate "2018.10.10"]
[SourceVersion "1"]
[SourceVersionDate "2018.10.10"]
[SourceQuality "1"]

1. Nf3 Nf6 2. g3 g6 3. Bg2 Bg7 4. d4 0-0 5. 0-0 d6 6. h3 Nbd7 7. c4 e5 8. Nc3 Ne8 9. e4 c6 10. Be3 f5 11. dxe5 dxe5 12. exf5 gxf5 13. Ng5 Qf6 14. f4 Qg6 15. Kh2 h6 16. Nf3 Nc7 17. Qb3 Ne6 18. Ne2 Nec5 19. Bxc5 Nxc5 20. Qe3 e4 21. Qxc5 exf3 22. Rxf3 Bxb2 23. Rb1 Qg7 24. Rb3 Bf6 25. Rd1 Be6 26. Nd4 Bxd4 27. Rxd4 Kh8 28. Re3 Rg8 29. Rd6 Rae8 30. g4 fxg4 31. Rdxe6 Rxe6 32. Rxe6 gxh3 33. Be4 Qg3+ 34. Kh1 Qxf4 35. Qe5+ Qxe5 36. Rxe5 b5 37. Re6 Rc8 38. Rxh6+ Kg7 39. Rxh3 Rb8 40. Ra3 Rb7 41. Ra6 Rc7 42. Kg2 Kf6 43. Ra5 Ke7 44. Kf3 Kd7 1-0

[Event "Caioba Telecom op"]
[Site "Caioba"]
[Date "2017.09.30"]
[Round "5"]
[White "Cruz, William Ferreira Da"]
[Black "Hille, Waltercler"]
[Result "1-0"]
[WhiteElo "2282"]
[BlackElo "1898"]
[PlyCount "77"]
[EventDate "2017.09.28"]
[EventType "swiss"]
[EventRounds "8"]
[EventCountry "BRA"]
[SourceTitle "EXT 2018"]
[Source "ChessBase"]
[SourceDate "2017.10.13"]
[SourceVersion "1"]
[SourceVersionDate "2017.10.13"]
[SourceQuality "1"]

1. d4 Nf6 2. c4 g6 3. Nc3 d5 4. cxd5 Nxd5 5. e4 Nxc3 6. bxc3 Bg7 7. Bc4 c5 8. Ne2 Nc6 9. Be3 0-0 10. 0-0 Qc7 11. Rc1 Rd8 12. Qd2 Na5 13. Bd3 c4 14. Bb1 e6 15. Bf4 Qd7 16. e5 Nc6 17. Bg5 Ne7 18. Qf4 b5 19. Qh4 Re8 20. Ng3 Bb7 21. Bf6 Bf8 22. f4 Nf5 23. Qh3 Nxg3 24. Qxg3 b4 25. f5 exf5 26. Bxf5 Qd5 27. Rf2 bxc3 28. Qxc3 Bh6 29. Re1 gxf5 30. Qh3 Qe4 31. Qxh6 Qg4 32. Re3 f4 33. Rh3 Be4 34. Rh5 Qd1+ 35. Rf1 Qxd4+ 36. Kh1 Bxg2+ 37. Kxg2 Qe4+ 38. Kh3 Qe3+ 39. Kh4 1-0

[Event "Penha IRT U2050 1st"]
[Site "Penha"]
[Date "2017.09.23"]
[Round "5.6"]
[White "Hille, Waltercler"]
[Black "Acosta, Pablo Alejandro"]
[Result "1-0"]
[WhiteElo "1898"]
[BlackElo "2007"]
[PlyCount "84"]
[EventDate "2017.09.22"]
[EventType "swiss"]
[EventRounds "7"]
[EventCountry "BRA"]
[SourceTitle "EXT 2022"]
[Source "ChessBase"]
[SourceDate "2021.10.06"]
[SourceVersion "1"]
[SourceVersionDate "2021.10.06"]
[SourceQuality "1"]

1. Nf3 f5 2. d4 Nf6 3. g3 g6 4. Bg2 Bg7 5. 0-0 0-0 6. c4 d6 7. Nc3 Nc6 8. Qc2 e5 9. dxe5 dxe5 10. Rd1 Qe7 11. Bg5 Nb4 12. Qb3 a5 13. a3 Na6 14. Nd5 Qe8 15. Nxf6+ Bxf6 16. Bxf6 Rxf6 17. Qc3 Re6 18. Qxa5 e4 19. Ng5 Re5 20. Rd5 Re7 21. Rad1 Bd7 22. f3 Bc6 23. fxe4 b6 24. Qd2 Bxd5 25. Qxd5+ Kf8 26. exf5 c6 27. Qd4 Kg8 28. f6 Rf7 29. Nxf7 Kxf7 30. b4 Rb8 31. Qd7+ Qxd7 32. Rxd7+ Kxf6 33. Rd6+ Ke5 34. Rxc6 Rd8 35. Bd5 Rb8 36. e3 Kf5 37. c5 Ke5 38. Bc4 b5 39. Re6+ Kf5 40. g4+ Kg5 41. Bxb5 Nxb4 42. axb4 Rxb5 1-0

[Event "Penha IRT U2050 1st"]
[Site "Penha"]
[Date "2017.09.23"]
[Round "3.7"]
[White "Hille, Waltercler"]
[Black "Boabaid, Jorge Alberto Duard"]
[Result "1-0"]
[WhiteElo "1898"]
[BlackElo "1788"]
[PlyCount "62"]
[EventDate "2017.09.22"]
[EventType "swiss"]
[EventRounds "7"]
[EventCountry "BRA"]
[SourceTitle "EXT 2022"]
[Source "ChessBase"]
[SourceDate "2021.10.06"]
[SourceVersion "1"]
[SourceVersionDate "2021.10.06"]
[SourceQuality "1"]

1. Nf3 d5 2. d4 Nf6 3. g3 Bf5 4. Bg2 e6 5. 0-0 Bd6 6. c4 Nbd7 7. Nc3 c6 8. Nh4 Bg6 9. Nxg6 hxg6 10. Qb3 Qc7 11. Bg5 Rh5 12. h4 Rh7 13. Rac1 Qb8 14. cxd5 exd5 15. e4 dxe4 16. Bxe4 Bxg3 17. fxg3 Qxg3+ 18. Bg2 0-0-0 19. Rf3 Qg4 20. Rf4 Qg3 21. Ne2 Qxb3 22. axb3 Re8 23. Kf2 Kb8 24. Nc3 Rhh8 25. Rf1 Rhf8 26. Kg1 Re6 27. d5 cxd5 28. Nxd5 Re2 29. Nxf6 gxf6 30. Rd4 Nb6 31. Bxf6 a5 1-0

[Event "Penha IRT U2050 1st"]
[Site "Penha"]
[Date "2017.09.23"]
[Round "4.5"]
[White "Zimmermann, Kleber Renato P"]
[Black "Hille, Waltercler"]
[Result "1-0"]
[WhiteElo "1963"]
[BlackElo "1898"]
[PlyCount "62"]
[EventDate "2017.09.22"]
[EventType "swiss"]
[EventRounds "7"]
[EventCountry "BRA"]
[SourceTitle "EXT 2022"]
[Source "ChessBase"]
[SourceDate "2021.10.06"]
[SourceVersion "1"]
[SourceVersionDate "2021.10.06"]
[SourceQuality "1"]

1. d4 Nf6 2. c4 g6 3. Nc3 d5 4. cxd5 Nxd5 5. e4 Nxc3 6. bxc3 Bg7 7. Bc4 0-0 8. Ne2 c5 9. Be3 Nc6 10. 0-0 Qc7 11. Rc1 Rd8 12. Qa4 Bd7 13. Qa3 Na5 14. Bd3 b6 15. Rfd1 c4 16. Bb1 e6 17. e5 Bc6 18. Bg5 Rd7 19. Rf1 Bxe5 20. dxe5 Qxe5 21. Be3 Rad8 22. Nd4 Bb7 23. Rce1 Qd5 24. f3 Qh5 25. Be4 e5 26. Ne2 Bc8 27. Qc1 f6 28. f4 Rd3 29. Ng3 Qg4 30. fxe5 fxe5 31. Bh6 Be6 1-0

[Event "Sao Bento do Sul op 08"]
[Site "Sao Bento do Sul"]
[Date "2017.08.19"]
[Round "3"]
[White "Hille, Waltercler"]
[Black "De Oliveira, Guilherme Alfredo B"]
[Result "1-0"]
[WhiteElo "1910"]
[BlackElo "1826"]
[PlyCount "136"]
[EventDate "2017.08.18"]
[EventType "swiss"]
[EventRounds "6"]
[EventCountry "BRA"]
[SourceTitle "EXT 2019"]
[Source "ChessBase"]
[SourceDate "2018.10.10"]
[SourceVersion "1"]
[SourceVersionDate "2018.10.10"]
[SourceQuality "1"]

1. Nf3 Nf6 2. d4 d5 3. g3 e6 4. Bg2 Be7 5. c4 0-0 6. Nc3 dxc4 7. 0-0 Nbd7 8. Bf4 c6 9. a4 Bb4 10. Na2 Ba5 11. Bd6 Re8 12. Ne5 Nb6 13. Ba3 Nbd7 14. Qc2 Nxe5 15. dxe5 Nd7 16. Rfd1 Qb6 17. Qxc4 Qd8 18. b4 Bc7 19. f4 f6 20. b5 cxb5 21. axb5 fxe5 22. f5 Ba5 23. Kh1 Qf6 24. fxe6 Nf8 25. Bxf8 Bxe6 26. Bd5 Kxf8 27. Rf1 Kf7 28. Bxe6+ Rxe6 29. Kg2 Ke8 30. Rf2 Qe7 31. Raf1 Rf6 32. Qg4 Qf8 33. Qe6+ Qe7 34. Rxf6 gxf6 35. Rxf6 Rd8 36. Qg8+ Kd7 37. Qg4+ Kc7 38. Qf5 Qc5 39. b6+ axb6 40. Rf7+ Kb8 41. Qf3 Qc6 42. Qxc6 bxc6 43. Nc1 Rd6 44. Rxh7 c5 45. Nd3 e4 46. Ne5 Kc8 47. Nc4 Rf6 48. Re7 b5 49. Ne3 Kd8 50. Rxe4 Kd7 51. h4 b4 52. Nd5 Re6 53. Rc4 Rxe2+ 54. Kf3 Rd2 55. Nxb4 Kd6 56. Na6 Rd3+ 57. Kg2 Rd2+ 58. Kh3 Ra2 59. Nxc5 Ke5 60. Rc1 Ra1 61. Rf1 Ra3 62. Kg4 Rc3 63. h5 Kd4 64. Rf5 Rc2 65. h6 Rc4 66. Ne6+ Ke4 67. h7 Rc3 68. h8Q Rxg3+ 1-0

[Event "Joinville op U220"]
[Site "Joinville"]
[Date "2017.02.18"]
[Round "4"]
[White "Cezar, Ricardo de Almeida"]
[Black "Hille, Waltercler"]
[Result "0-1"]
[WhiteElo "1545"]
[BlackElo "1907"]
[PlyCount "76"]
[EventDate "2017.02.17"]
[EventType "swiss"]
[EventRounds "7"]
[EventCountry "BRA"]
[SourceTitle "CBM 177 Extra"]
[Source "ChessBase"]
[SourceDate "2017.04.27"]
[SourceVersion "1"]
[SourceVersionDate "2017.04.27"]
[SourceQuality "1"]

1. d4 Nf6 2. c4 g6 3. Nc3 d5 4. cxd5 Nxd5 5. e4 Nxc3 6. bxc3 Bg7 7. Nf3 c5 8. Rb1 cxd4 9. cxd4 Qa5+ 10. Bd2 Qxa2 11. Bd3 0-0 12. 0-0 Bg4 13. Be3 b6 14. h3 Bxf3 15. Qxf3 Nc6 16. e5 Na5 17. Qe4 Rfd8 18. Rfc1 Rac8 19. d5 Rxc1+ 20. Rxc1 Qb2 21. f4 Qb3 22. Be2 Qxd5 23. Qxd5 Rxd5 24. Rc8+ Bf8 25. f5 Nb7 26. Bf3 Rd3 27. Bh6 Nd8 28. f6 exf6 29. Bxf8 Kxf8 30. exf6 Rd6 31. g4 g5 32. Be4 h6 33. Bf5 Ke8 34. Kg2 Rxf6 35. Rc7 a5 36. Bd7+ Kf8 37. Rc8 Ke7 38. Rc7 Kd6 0-1

[Event "Joinville op U220"]
[Site "Joinville"]
[Date "2017.02.18"]
[Round "5"]
[White "Hille, Waltercler"]
[Black "Popovicz, Sandro Jose"]
[Result "0-1"]
[WhiteElo "1907"]
[BlackElo "1993"]
[PlyCount "87"]
[EventDate "2017.02.17"]
[EventType "swiss"]
[EventRounds "7"]
[EventCountry "BRA"]
[SourceTitle "CBM 177 Extra"]
[Source "ChessBase"]
[SourceDate "2017.04.27"]
[SourceVersion "1"]
[SourceVersionDate "2017.04.27"]
[SourceQuality "1"]

1. Nf3 Nf6 2. g3 g6 3. Bg2 Bg7 4. 0-0 0-0 5. d4 d6 6. h3 Nbd7 7. c4 e5 8. Nc3 c6 9. e4 Qe7 10. Re1 Re8 11. Be3 h6 12. Qc2 Nf8 13. Rad1 Nh5 14. dxe5 dxe5 15. Nh4 Ne6 16. Nf3 Rf8 17. Qd2 Kh7 18. Qd6 Qf6 19. Qa3 Rg8 20. b4 g5 21. Ne2 Bf8 22. Qc3 Bg7 23. Nh2 Qe7 24. Bf3 Nf6 25. Qxe5 Qxb4 26. Rb1 Qe7 27. Qf5+ Kh8 28. e5 Ne8 29. Qe4 Nf8 30. Bd4 Ng6 31. e6 Bxe6 32. Bh5 Nd6 33. Bxg7+ Rxg7 34. Qd4 Kh7 35. g4 Rgg8 36. Bxg6+ Rxg6 37. f4 f5 38. c5 Nb5 39. Rxb5 cxb5 40. Ng3 fxg4 41. fxg5 Rxg5 42. Kf1 Bc4+ 43. Kf2 Qg7 44. Qe4+ 0-1

[Event "Florianopolis op 3rd"]
[Site "Florianopolis"]
[Date "2017.01.26"]
[Round "10"]
[White "Hille, Waltercler"]
[Black "Lopes, Marcelo Ferreira"]
[Result "0-1"]
[WhiteElo "1907"]
[BlackElo "2013"]
[PlyCount "62"]
[EventDate "2017.01.20"]
[EventType "swiss"]
[EventRounds "10"]
[EventCountry "BRA"]
[SourceTitle "CBM 176 Extra"]
[Source "ChessBase"]
[SourceDate "2017.03.02"]
[SourceVersion "1"]
[SourceVersionDate "2017.03.02"]
[SourceQuality "1"]

1. Nf3 Nf6 2. g3 e6 3. Bg2 d5 4. 0-0 Be7 5. d4 0-0 6. Ne5 Nfd7 7. f4 c5 8. e3 Nxe5 9. dxe5 Nc6 10. Qe2 Qc7 11. Rd1 b6 12. c4 d4 13. Na3 Bb7 14. Nb5 Qc8 15. Nd6 Bxd6 16. exd6 Rd8 17. e4 Rxd6 18. Qg4 e5 19. f5 Qd7 20. Qh4 d3 21. Bd2 Nd4 22. g4 Ne2+ 23. Kh1 Rd4 24. g5 Qxf5 25. Rf1 Qxe4 26. Bxe4 Rxe4 27. Rxf7 Kxf7 28. Qh5+ Kg8 29. Qf3 Rf8 30. Qg2 Rf2 31. Rg1 Rh4 0-1

[Event "Florianopolis op 3rd"]
[Site "Florianopolis"]
[Date "2017.01.22"]
[Round "4"]
[White "Santos Filho, Tadeu Souza"]
[Black "Hille, Waltercler"]
[Result "0-1"]
[WhiteElo "2078"]
[BlackElo "1907"]
[PlyCount "120"]
[EventDate "2017.01.20"]
[EventType "swiss"]
[EventRounds "10"]
[EventCountry "BRA"]
[SourceTitle "CBM 176 Extra"]
[Source "ChessBase"]
[SourceDate "2017.03.02"]
[SourceVersion "1"]
[SourceVersionDate "2017.03.02"]
[SourceQuality "1"]

1. e4 c5 2. Nc3 e6 3. Nf3 a6 4. d4 cxd4 5. Nxd4 Qc7 6. g3 Nf6 7. Bg2 b5 8. 0-0 Bb7 9. Re1 d6 10. f4 Nc6 11. Nb3 Be7 12. g4 h5 13. g5 Ng4 14. Qf3 Qb6+ 15. Be3 Nxe3 16. Rxe3 Nb4 17. Rc1 d5 18. Qf2 d4 19. Ree1 e5 20. a3 Qc7 21. Nxb5 axb5 22. axb4 Bxb4 23. Rf1 Be7 24. fxe5 Bxg5 25. Nxd4 0-0 26. Rcd1 Qxe5 27. Nf3 Qf4 28. Nxg5 Qxg5 29. Rd7 Bxe4 30. Rxf7 Rxf7 31. Qxf7+ Kh8 32. Qf2 Ra6 33. Qe2 Qxg2+ 34. Qxg2 Bxg2 35. Kxg2 Ra2 36. Rb1 g5 37. Kf3 Kg7 38. Ke4 Kf6 39. Kd5 Ra4 40. Rf1+ Kg6 41. Kc5 Rc4+ 42. Kxb5 Rxc2 43. Rb1 Rxh2 44. Kc6 g4 45. b4 g3 46. b5 Rc2+ 47. Kd5 Kf5 48. b6 Rc8 49. Rf1+ Kg4 50. b7 Rg8 51. Rc1 Rb8 52. Kc6 h4 53. Kc7 Rxb7+ 54. Kxb7 h3 55. Rc4+ Kf3 56. Rc3+ Kg2 57. Rc2+ Kh1 58. Rc1+ Kh2 59. Kc6 g2 60. Rc2 Kh1 0-1

[Event "Sao Bento do Sul U2050 1st"]
[Site "Sao Bento do Sul"]
[Date "2016.05.22"]
[Round "6.15"]
[White "Couto, Mauricio Souza"]
[Black "Hille, Waltercler"]
[Result "0-1"]
[WhiteElo "1817"]
[BlackElo "1963"]
[PlyCount "50"]
[EventDate "2016.05.20"]
[EventType "swiss"]
[EventRounds "7"]
[EventCountry "BRA"]
[SourceTitle "EXT 2022"]
[Source "ChessBase"]
[SourceDate "2021.10.06"]
[SourceVersion "1"]
[SourceVersionDate "2021.10.06"]
[SourceQuality "1"]

1. d4 Nf6 2. Bf4 g6 3. Nf3 Bg7 4. e3 d5 5. c4 c5 6. Nc3 Nc6 7. dxc5 Qa5 8. Qa4 Qxa4 9. Nxa4 Ne4 10. cxd5 Nb4 11. Bb5+ Kf8 12. 0-0 Nxd5 13. Rad1 Be6 14. c6 Nxf4 15. cxb7 Nh3+ 16. gxh3 Rb8 17. Nd4 Rxb7 18. Nxe6+ fxe6 19. Bc6 Rb4 20. a3 Rc4 21. Bb5 Rc7 22. Rd7 Rxd7 23. Bxd7 Kf7 24. Rc1 Rb8 25. b4 Nf6 0-1

[Event "Sao Bento do Sul U2050 1st"]
[Site "Sao Bento do Sul"]
[Date "2016.05.22"]
[Round "7.10"]
[White "Hille, Waltercler"]
[Black "De Oliveira, Guilherme Alfredo B"]
[Result "1-0"]
[WhiteElo "1963"]
[BlackElo "1725"]
[PlyCount "85"]
[EventDate "2016.05.20"]
[EventType "swiss"]
[EventRounds "7"]
[EventCountry "BRA"]
[SourceTitle "EXT 2022"]
[Source "ChessBase"]
[SourceDate "2021.10.06"]
[SourceVersion "1"]
[SourceVersionDate "2021.10.06"]
[SourceQuality "1"]

1. Nf3 Nf6 2. d4 e6 3. g3 d5 4. Bg2 Be7 5. 0-0 0-0 6. c4 c6 7. Ne5 Nbd7 8. f4 Re8 9. Nc3 Nf8 10. e4 dxe4 11. Nxe4 Qc7 12. Ng5 N6d7 13. Ngxf7 Bf6 14. c5 Ng6 15. Nd6 Rf8 16. Nxg6 hxg6 17. Be3 Be7 18. Nxc8 Raxc8 19. Qg4 Rf6 20. Be4 Nf8 21. b4 a5 22. a3 b5 23. cxb6 Qxb6 24. bxa5 Qxa5 25. Rfc1 c5 26. Rc4 Qa6 27. Rac1 Qxa3 28. Bf2 Nd7 29. Bxg6 Nb6 30. R4c3 Qa6 31. Qh5 Rxg6 32. Qxg6 Nd5 33. Rc4 Rc6 34. dxc5 Bf6 35. Qe8+ Kh7 36. Re4 Qa3 37. Qxc6 Qxc1+ 38. Re1 Qc3 39. Qxe6 Nb4 40. Qh3+ Kg6 41. f5+ Kf7 42. Qh5+ Kf8 43. Re8# 1-0

[Event "Sao Bento do Sul U2050 1st"]
[Site "Sao Bento do Sul"]
[Date "2016.05.21"]
[Round "3.22"]
[White "Hille, Waltercler"]
[Black "Perondi, Marcelo"]
[Result "1-0"]
[WhiteElo "1963"]
[BlackElo "1503"]
[PlyCount "75"]
[EventDate "2016.05.20"]
[EventType "swiss"]
[EventRounds "7"]
[EventCountry "BRA"]
[SourceTitle "EXT 2022"]
[Source "ChessBase"]
[SourceDate "2021.10.06"]
[SourceVersion "1"]
[SourceVersionDate "2021.10.06"]
[SourceQuality "1"]

1. Nf3 d5 2. g3 Nf6 3. Bg2 g6 4. 0-0 Bg7 5. d4 0-0 6. Ne5 Nbd7 7. c4 c6 8. Nc3 Qc7 9. Bf4 Nxe5 10. Bxe5 Qd8 11. Bxf6 Bxf6 12. cxd5 cxd5 13. Nxd5 Bg7 14. e3 e5 15. dxe5 Bxe5 16. Qb3 Rb8 17. f4 Bg7 18. Rfd1 Be6 19. e4 Qa5 20. e5 Rfd8 21. Rd3 Rd7 22. Rad1 Rbd8 23. h3 h5 24. Kh2 Kh8 25. a3 Qc5 26. R1d2 Bh6 27. Qd1 h4 28. Nf6 hxg3+ 29. Kxg3 Qc4 30. Be4 Rxd3+ 31. Rxd3 Rxd3+ 32. Qxd3 Qxd3+ 33. Bxd3 Bg7 34. Ne4 Bf8 35. Ng5 Bd5 36. Be4 Bxe4 37. Nxe4 Be7 38. Nd6 1-0

[Event "Santa Catarina State-ch sf1 61st"]
[Site "Sao Bento do Sul"]
[Date "2015.03.06"]
[Round "2"]
[White "Da Silva, Tiago Martins"]
[Black "Hille, Waltercler"]
[Result "1-0"]
[WhiteElo "1747"]
[BlackElo "1949"]
[PlyCount "51"]
[EventDate "2015.03.06"]
[EventType "swiss"]
[EventRounds "6"]
[EventCountry "BRA"]
[SourceTitle "EXT 2016"]
[Source "ChessBase"]
[SourceDate "2015.10.08"]
[SourceVersion "1"]
[SourceVersionDate "2015.10.08"]
[SourceQuality "1"]

1. e4 c5 2. Nc3 e6 3. Bc4 a6 4. a4 Qc7 5. d3 Nf6 6. f4 d6 7. Nf3 Nc6 8. 0-0 Bd7 9. Qe1 Nd4 10. Nxd4 cxd4 11. Ne2 e5 12. f5 Bc6 13. c3 dxc3 14. Nxc3 Be7 15. Qg3 h5 16. Qxg7 0-0-0 17. Bxf7 Ng4 18. Nd5 Bxd5 19. Bxd5 Qb6+ 20. Kh1 Nf2+ 21. Rxf2 Qxf2 22. Bg5 Qxb2 23. Rc1+ Kb8 24. Qxe7 Qb6 25. a5 Qb4 26. Qc7+ 1-0

[Event "Itajai JASC Cup 54th"]
[Site "Itajai"]
[Date "2014.11.16"]
[Round "1.3"]
[White "Hille, Waltercler"]
[Black "Carstens Dobuchak, Thiago"]
[Result "1-0"]
[WhiteElo "1947"]
[BlackElo "1798"]
[PlyCount "79"]
[EventDate "2014.11.16"]
[EventType "team-swiss"]
[EventRounds "7"]
[EventCountry "BRA"]
[SourceTitle "EXT 2016"]
[Source "ChessBase"]
[SourceDate "2015.10.08"]
[SourceVersion "1"]
[SourceVersionDate "2015.10.08"]
[SourceQuality "1"]
[WhiteTeam "Balneario Camboriu"]
[BlackTeam "Blumenau"]
[WhiteTeamCountry "BRA"]
[BlackTeamCountry "BRA"]

1. Nf3 c5 2. c3 Nc6 3. d4 cxd4 4. cxd4 Nf6 5. g3 d6 6. Bg2 g6 7. Nc3 Bg7 8. 0-0 0-0 9. h3 h6 10. e4 e5 11. Be3 Nd7 12. Qd2 Kh7 13. Nb5 Nb6 14. Rac1 a6 15. Na3 exd4 16. Nxd4 Nxd4 17. Bxd4 Be6 18. b3 Rc8 19. Rxc8 Nxc8 20. Rd1 Qd7 21. Bxg7 Kxg7 22. Qd4+ Kh7 23. g4 Qc7 24. f4 Qa5 25. Qb2 f5 26. exf5 gxf5 27. gxf5 Bxf5 28. Nc4 Qc5+ 29. Qd4 Rg8 30. Kh2 Rxg2+ 31. Kxg2 Qc6+ 32. Kf2 Bc2 33. Rg1 Qc7 34. Ne3 Bg6 35. f5 Bh5 36. f6 Bg6 37. Rxg6 Kxg6 38. Qg4+ Kh7 39. Qf5+ Kh8 40. f7 1-0

[Event "Florianopolis Santa Catarina op"]
[Site "Florianopolis"]
[Date "2014.06.21"]
[Round "4"]
[White "Mariani, Daniel Brandao"]
[Black "Hille, Waltercler"]
[Result "0-1"]
[WhiteElo "2027"]
[BlackElo "1932"]
[PlyCount "78"]
[EventDate "2014.06.20"]
[EventType "swiss"]
[EventRounds "6"]
[EventCountry "BRA"]
[SourceTitle "CBM 161 Extra"]
[Source "ChessBase"]
[SourceDate "2014.08.29"]
[SourceVersion "1"]
[SourceVersionDate "2014.08.29"]
[SourceQuality "1"]

1. d4 Nf6 2. Nf3 g6 3. c4 Bg7 4. g3 0-0 5. Bg2 c6 6. 0-0 d5 7. cxd5 cxd5 8. Nc3 Ne4 9. Qb3 e6 10. Bf4 Nc6 11. Rfd1 Nxc3 12. Qxc3 Bd7 13. Rac1 Rc8 14. Qd2 Qa5 15. Qxa5 Nxa5 16. Bd6 Rfe8 17. b3 Bb5 18. Bf1 b6 19. Ba3 f6 20. e3 Bxf1 21. Kxf1 Bf8 22. Bxf8 Kxf8 23. Ke2 Ke7 24. Kd2 Nb7 25. Ng1 Nd6 26. f3 f5 27. Rxc8 Rxc8 28. g4 h5 29. h3 hxg4 30. hxg4 Rh8 31. Kd3 e5 32. Rc1 Kd7 33. Rc2 fxg4 34. fxg4 Rf8 35. Rh2 Ne4 36. Rh7+ Ke6 37. Rxa7 Rf1 38. Nh3 Rh1 39. Rh7 Rh2 0-1